[Event "Niedersachsen-chT U14"]
[Site "Lingen"]
[Date "2005.05.05"]
[Round "2.4"]
[White "Matthes, Henning"]
[Black "Torwelle, Pascal"]
[Result "1-0"]
[WhiteElo "891"]
[BlackElo "1225"]
[PlyCount "85"]
[EventDate "2005.05.05"]
[EventType "team-swiss"]
[EventRounds "5"]
[EventCountry "GER"]
[SourceTitle "EXT 2007"]
[Source "ChessBase"]
[SourceDate "2006.11.23"]
[SourceVersion "1"]
[SourceVersionDate "2006.11.23"]
[SourceQuality "1"]

1. e4 Nc6 2. Nf3 b6 3. Nc3 Bb7 4. b3 e5 5. Bb2 Bc5 6. Bc4 Nf6 7. d3 Ng4 8. 0-0 0-0 9. h3 Nf6 10. Re1 Nh5 11. Nxe5 Qg5 12. Nxd7 Rfd8 13. Nxc5 bxc5 14. Bc1 Qg6 15. Nd5 Kf8 16. Nxc7 Rac8 17. Nb5 a6 18. Nc3 Rc7 19. Be3 Ne5 20. Nd5 Rcc8 21. Nf4 Nxf4 22. Bxf4 Nxc4 23. bxc4 Rc6 24. Qg4 Bc8 25. Qxg6 Rxg6 26. Bg3 h5 27. Kf1 Rd7 28. Rab1 Rb7 29. Rxb7 Bxb7 30. Bf4 Rf6 31. Rb1 Bc6 32. Be3 Ba4 33. Bxc5+ Kg8 34. Rb8+ Kh7 35. Bd4 Rg6 36. Rb2 Rd6 37. Be5 Re6 38. Bf4 Rf6 39. Be3 Kg6 40. c5 Rc6 41. Rb6 Kf6 42. d4 Ke6 43. d5+ 1-0